| 000 | 00625nam a2200217Ia 4500 | ||
|---|---|---|---|
| 003 | OSt | ||
| 005 | 20241212144309.0 | ||
| 008 | 210716s1973 xx 000 0 und d | ||
| 020 | _a060802766 | ||
| 040 | _cAIMIT LIBRARY | ||
| 041 | _aeng | ||
| 082 |
_a808.83 _21 _bGRAJ |
||
| 100 |
_aGray, J Glenn. _9190350 |
||
| 245 |
_aWarriors / _cBy J Glenn Gray. |
||
| 250 | _a1st ed. | ||
| 260 |
_aNew York : _bHarper and Row publishers ; _c1973. |
||
| 300 |
_axxxi, 288p. ; _bPB _c18 cm. |
||
| 650 |
_aRemembering war and forgetfulness _9190351 |
||
| 650 |
_aImages of the enemy _9190352 |
||
| 942 |
_2ddc _cBK _e1st ed. _k808.83 GRAJ |
||
| 999 |
_c201168 _d201168 |
||